000 01078nam a22003137a 4500
003 CHAP
005 20220329140334.0
008 971013s1984 r 00010 d
010 _a50630
011 _a51602
035 _a55752
040 _cCHAP
090 _aTesis
100 0 0 _aRodríguez Esquivel, Alicia Amelia.
_998471
245 _aOrganización territorial y distribución espacial de laa población en Sonora 1950-1980
260 _aMonterrey, N. L. :
_bEl autor,
_c1984
300 _ac.a. 66 h.
_b: ilus.
502 _aTesis (Lic. en Economía) -- Universidad Autónoma de Nuevo León. Facultad de Economía
590 _aALEPH
_b10
_c20130110
_lUCH01
_h1325
590 _aBATCH-UPD
_b10
_c20130110
_lUCH01
_h0637
590 _aBATCH-UPD
_b10
_c20130410
_lUCH01
_h0321
590 _aBATCH-UPD
_b10
_c20130914
_lUCH01
_h1923
590 _aCONVERSION
_b10
_c20130109
_lUCH01
_h1327
650 1 4 _aPoblación
_zSonora.
_989438
650 1 4 _aSonora
_xCondiciones económicas.
_9108580
901 _aBK
942 _cTESIS
949 _bBC
_cTES
_d-122169
_eTS1
_h18675
_i55752
_si
999 _c50630
_d50630